Controles automáticos : sistemas, aplicaciones eléctricas, aplicaciones mecánicas, casos lineales
Tallennettuna:
| Päätekijä: | |
|---|---|
| Muut tekijät: | |
| Aineistotyyppi: | Kirja |
| Julkaistu: |
México : Centro Regional de Ayuda Técnica
1969
|
| Aiheet: | |
| Tagit: |
Lisää tagi
Ei tageja, Lisää ensimmäinen tagi!
|
MARC
| LEADER | 00000nam a2200000Ia 4500 | ||
|---|---|---|---|
| 003 | L000408 | ||
| 005 | 20221231143940.0 | ||
| 008 | 140114s1969 c a 000 ||s d | ||
| 040 | |c cru CEDI | ||
| 082 | |a 629.8 H319c | ||
| 100 | |a Harrison, Howard L. |9 18677 | ||
| 245 | |a Controles automáticos : sistemas, aplicaciones eléctricas, aplicaciones mecánicas, casos lineales | ||
| 260 | |a México : Centro Regional de Ayuda Técnica |c 1969 | ||
| 300 | |a 439 páginas : ilustraciones | ||
| 500 | |a Traducción de : Introduction to automatic controls | ||
| 650 | |x CONTROL AUTOMATICO |9 18679 | ||
| 700 | |9 18678 |a Bollinger, John G | ||
| 942 | |2 ddc |c BK | ||
| 999 | |c 14650 |d 14650 | ||
